| 000 | 01630cas a2200445 a 4500 | ||
|---|---|---|---|
| 001 | 13758609 | ||
| 003 | OSt | ||
| 005 | 20230623102431.0 | ||
| 008 | 960417c19959999acauu m f0 a0eng d | ||
| 010 | _a 2008204879 | ||
| 020 | _a064271147X | ||
| 035 | _a(OCoLC)ocn221821726 | ||
| 040 |
_aAU@ _beng _cDLC _dAU@ _dOCLCQ _dOCLCO _dOCLCF _dOCLCQ _dOCLCO |
||
| 042 | _alccopycat | ||
| 043 | _au-at--- | ||
| 082 |
_a328.94 _bEVA |
||
| 100 |
_cHarry Evans _qClerk of the Senate |
||
| 245 | 0 | 0 | _aOdgers' Australian Senate practice. |
| 246 | 3 | 0 | _aAustralian Senate practice |
| 260 |
_aCanberra : _bCommonwealth of Austratia _c2001 |
||
| 300 | _a716p | ||
| 336 |
_atext _btxt _2rdacontent |
||
| 337 |
_aunmediated _bn _2rdamedia |
||
| 338 |
_avolume _bnc _2rdacarrier |
||
| 362 | 0 | _a7th ed. (1995)- | |
| 500 | _aEdited by Harry Evans, Clerk of the Senate. | ||
| 500 | _aIncludes index ; some issues have supplement called: updates. | ||
| 588 | _aLatest issue consulted: 10th ed. (2001). | ||
| 610 | 1 | 0 |
_aAustralia. _bParliament. _bSenate _vRules and practice. |
| 610 | 1 | 7 |
_aAustralia. _bParliament. _bSenate. _2fast _0(OCoLC)fst00545358 |
| 655 | 7 |
_aRules. _2fast _0(OCoLC)fst01423857 |
|
| 700 | 1 |
_aEvans, Harry, _d1946- |
|
| 700 | 1 |
_aOdgers, J. R. _q(James Rowland), _d1914-1985. |
|
| 710 | 1 |
_aAustralia. _bParliament. _bDepartment of the Senate. |
|
| 780 | 0 | 0 | _tAustralian Senate practice |
| 906 |
_a7 _bcbc _csercoop _d2 _encip _f20 _gn-oclcserc |
||
| 942 |
_2ddc _cBK |
||
| 999 |
_c2425 _d2425 |
||